Zahraničný kapitál a priame zahraničné investície v procese reštrukturalizácie ekonomiky SR autoreferát dizertačnej práce

Gespeichert in:
Bibliographische Detailangaben
1. Verfasser: Vidová, Jarmila, 1967-
Körperschaft: Ekonomická univerzita v Bratislave. Národohospodárska fakulta
Weitere Verfasser: Moravčík, Alexander
Format: Buch
Sprache:Slowakisch
Veröffentlicht: Bratislava 2003
Schlagworte:
Tags: Tag hinzufügen
Keine Tags, Fügen Sie das erste Tag hinzu!

MARC

LEADER 00000nam a2200000 4500
001 c142938
005 20230116074321.0
041 0 |a slo 
044 |a SK 
245 1 0 |a Zahraničný kapitál a priame zahraničné investície v procese reštrukturalizácie ekonomiky SR  |b autoreferát dizertačnej práce  |c Jarmila Vidová ; školiteľ: Alexander Moravčík 
264 1 |a Bratislava  |c 2003 
300 |a 24 s. 
610 2 0 |a kapitál zahraničný 
610 2 0 |a investície zahraničné 
610 2 0 |a reštrukturalizácia 
610 2 0 |a politika hospodárska 
610 2 0 |a Slovensko 
100 1 |a Vidová, Jarmila, 1967- 
700 1 |a Moravčík, Alexander 
710 2 |a Ekonomická univerzita v Bratislave. Národohospodárska fakulta